| 000 | 00823nam a2200265 a 4500 | ||
|---|---|---|---|
| 999 |
_c329128 _d329128 |
||
| 003 | BLK | ||
| 005 | 20250714101237.0 | ||
| 008 | 190214b bu ||||| |||| 00| 0 bu d | ||
| 020 | _a978-954-9749-68-7 | ||
| 040 | _aBLK | ||
| 041 |
_aBUL _cBUL |
||
| 080 |
_aГеография, обща _b911 _x:087.5 _z911:087.5 |
||
| 100 |
_9390174 _aДейнс, Кейти |
||
| 139 |
_aДейнс, Кейт _bД 34 |
||
| 245 | _a1001 неща, които да откриеш в морето : Книга-игра | ||
| 260 |
_9216689 _aСофия _bКлевър Бук _c2015 |
||
| 300 |
_a32 с. _c29 см |
||
| 380 | _a91 | ||
| 700 |
_9599 _aГоуър, Тери _eил. |
||
| 852 |
_bД _cДН 0/Д 34 |
||
| 942 |
_cKNG _n0 _039 _s1 |
||
| 999 | _d329128 | ||
| 999 | _d329128 | ||
| 944 |
_k30542 _lРусанова Ирена |
||